000 01315cab a22002295a 4500
001 L144491
008 080723s20080606xxkabdof s 000 0 eng d
035 _a(Sirsi) u144491
041 0 _aeng
050 _a333.33 HEA $2 22
100 1 _aHeap, Richard
245 0 0 _aProperty Week supplement
_bThames Valley
260 _c2008
490 _aProperty Week Supplement
_v 6 June 2008
520 _aConsiders the delayed development of a new shopping centre. Reports on the need for the area around Maidenhead's King and Queen Streets to improve. Presents investigation as to whether the Rail Project Crossrail wil really start in 2010. Gives thoughts of possible advantages and disadvantages of this new service. Reports on the handful of office investment in the Thames Valley since the credit crunch. Discusses whether the many new prelets in the area announce a revitalised market or not. Reports on the lack of money for the regeneration of two schemes dating from the 1960s. Presents the struggle of builders of new shed schemes in Thatcham and Newbury to find tenants as the economic crisis hits the occupier demand.
590 _aKA
651 4 _aThames Valley
690 _aPROPERTY-COMMERCIAL PROPERTY-COMMERCIAL PROPERTY MARKET
700 1 _aShah, Aditi
700 1 _aHeap, Richard
942 _n0
999 _c80489
_d80489